01341nam a22002657a 450000500170000001000180001702000680003502000680010302000680017102000680023902000680030703500230037503500230039803500230042103500230044403500230046703700130049008200080050324500420051126000450055327000540059830001300065249002670078270000260104920210204125117.0 aENG-128951-55 c3472.00 (Vol. 1) (Rs. 17360.00 for full Set)a978-0-19-949884-0 c3472.00 (Vol. 2) (Rs. 17360.00 for full Set)a978-0-19-949885-7 c3472.00 (Vol. 3) (Rs. 17360.00 for full Set)a978-0-19-949886-4 c3472.00 (Vol. 4) (Rs. 17360.00 for full Set)a978-0-19-949887-3 c3472.00 (Vol. 5) (Rs. 17360.00 for full Set)a978-0-19-949883-0 aEN-112483 (Vol. 1) aEN-112484 (Vol. 2) aEN-112485 (Vol. 3) aEN-112486 (Vol. 4) aEN-112487 (Vol. 5) bDBAD/PUB a153 aPsychologycedited by Girishwar Misra aNew DelhibOxford University Pressc2019 bNew Delhia2/11 Ground Floor, Ansari Roade110002 axxiii+385 (Vol. 1), xxiv+343(Vol. 2), xxii+250 (Vol. 3), xxiii+255 (Vol. 4), xxiv+318 (Vol. 5)p.c23cm(pbk)bIncluding index. vVol 1: Cognitive and Affective Process; Vol. 2: Individual and the Social:Processes and issues; Vol.3: Psychology of Organizations; Vol. 4: Themes in Contemporary Mental Health Research; Vol. 5: Explorations into Psyche and Psychology: some emerging perspectives aMisra, Girishwar, Ed.